THE HOLY BIBLE (Record no. 8702)
[ view plain ]
| 000 -LEADER | |
|---|---|
| fixed length control field | 00314nam a22001457a 4500 |
| 082 ## - DEWEY DECIMAL CLASSIFICATION NUMBER | |
| Classification number | 220 |
| Item number | KIN/H |
| 100 ## - MAIN ENTRY--AUTHOR NAME | |
| Personal name | KING JAMES |
| 245 ## - TITLE STATEMENT | |
| Title | THE HOLY BIBLE |
| 246 ## - VARYING FORM OF TITLE | |
| Title proper/short title | THE HOLY BIBLE |
| Remainder of title | THE HOLY BIBLE |
| 260 ## - PUBLICATION, DISTRIBUTION, ETC. (IMPRINT) | |
| Place of publication | NEW YORK |
| Name of publisher | IVY |
| Year of publication | 1991 |
| 300 ## - PHYSICAL DESCRIPTION | |
| Number of Pages | 1112 |
| 520 ## - SUMMARY, ETC. | |
| Summary, etc | BIBLE |
| 650 ## - SUBJECT ADDED ENTRY--TOPICAL TERM | |
| Topical Term | ENGLISH BIBLE |
| 942 ## - ADDED ENTRY ELEMENTS (KOHA) | |
| Koha item type | Books |
| Withdrawn status | Lost status | Collection code | Home library | Current library | Shelving location | Date acquired | Source of acquisition | Cost, normal purchase price | Full call number | Accession Number | Koha item type |
|---|---|---|---|---|---|---|---|---|---|---|---|
| Non-fiction | Main Library | Main Library | SHELF 15 C-RELIGIOUS | 04/06/2024 | PURCHASED | 599.00 | 220 KIN/H | 13660 | Books |